000 00440nam a2200157 i 4500
001 49353
003 ES-MaACL
005 20230906161931.0
007 t|
008 030714s1971 sp ||||1| spa d
100 1 _aCortezón, Daniel (
_d1927-2009)
_940926
245 1 0 _aSemáforo
_b: humordrama en un acto /
_cDaniel Cortezón.
260 _a[Lugo :
_bCelta,
_c1971]
300 _a48 p. ;
_c22 cm.
852 _aES-MaACL
_j2092-F-27
_bR.91072
999 _c49353
_d49353